000 00552nam a2200193Ia 4500
003 GCL
008 140319s9999 xx 000 0 ara d
040 _aGCL /
_cGCL
082 0 4 _a252
_bا ص
100 1 _aالسيد سابق
245 1 0 _aالصيام : ليلة القدر زكاة الفطر : صلاة العيد /
_cالسيد سابق
260 _a[S.N] :
_bدار الريان للتراث ،
_c1987
300 _a124 ص
490 _a
650 0 4 _aالصلاة
650 0 4 _aالصيام
650 0 4 _aالزكاة
942 _2ddc
_cBK
999 _c48712
_d48712